000 00606cam a22002053a 4500
001 41114
003 PGUSA
005 20140828083927.0
008 121019s2012||||xxu|||||s|||||000 | eng d
040 _aPGUSA
_beng
042 _adc
100 1 _aTaine, Hippolyte,
_d1828-1893
245 1 0 _aHistoire de la Littérature Anglaise (Volume 5 de 5)
_h[electronic resource] /
_cHippolyte Taine
260 _bProject Gutenberg,
_c2012
506 _aPublic domain in the USA.
516 _aElectronic text
830 0 _aProject Gutenberg
_v41114
856 4 0 _uhttp://www.gutenberg.org/ebooks/41114
942 _cEB
999 _c270366
_d270366